000
00205 a2200097 4500
001
57884
100
_a
245
_a
earth dynamics systems
260
_a
NY
_b
Macmillan & Pub
_c
1989
090
_c
35495
_d
35495
942
_a
NUST-CAE
_c
_c
28330
999
_c
292957
_d
292957